Learn Emotion Analysis with R (Record no. 46479)

MARC details
000 -LEADER
fixed length control field 00408nam a22001577a 4500
008 - FIXED-LENGTH DATA ELEMENTS--GENERAL INFORMATION
fixed length control field 230515b ||||| |||| 00| 0 eng d
020 ## - INTERNATIONAL STANDARD BOOK NUMBER
International Standard Book Number 9789390684151
041 ## - LANGUAGE CODE
Language code of text/sound track or separate title eng
082 ## - DEWEY DECIMAL CLASSIFICATION NUMBER
Classification number 006.312
Item number MAL
100 ## - MAIN ENTRY--PERSONAL NAME
Personal name Majumdar Partha
245 ## - TITLE STATEMENT
Title Learn Emotion Analysis with R
Remainder of title
Statement of responsibility, etc. By Partha Majumdar
260 ## - PUBLICATION, DISTRIBUTION, ETC.
Place of publication, distribution, etc. New Delhi
Name of publisher, distributor, etc. BPB Publications
Date of publication, distribution, etc. 2021
300 ## - PHYSICAL DESCRIPTION
Extent 530p.
650 ## - SUBJECT ADDED ENTRY--TOPICAL TERM
Topical term or geographic name entry element COMPUTER
942 ## - ADDED ENTRY ELEMENTS (KOHA)
Koha item type Books
Holdings
Withdrawn status Lost status Source of classification or shelving scheme Damaged status Not for loan Home library Current library Date acquired Source of acquisition Cost, normal purchase price Total Checkouts Full call number Barcode Date last seen Price effective from Koha item type Date last checked out
    Dewey Decimal Classification     Chaudhary Ranbir Singh University Chaudhary Ranbir Singh University 27.03.2023 RK Books, New Delhi 899.00   006.312 MAL 31299 16.05.2023 16.05.2023 Books  
    Dewey Decimal Classification     Chaudhary Ranbir Singh University Chaudhary Ranbir Singh University 27.03.2023 RK Books, New Delhi 899.00 1 006.312 MAL 31300 03.04.2025 16.05.2023 Books 03.03.2025


Copyright © 2025 CRSU. All Rights Reserved.